000 01152nam a2200277 c 4500
003 BLK
005 20180420231819.0
008 180409b bul|||||r ||||||| ||bul||
010 _aKNG00130146000
040 _aBLK
041 _aBUL
_cBUL
080 _aБългарска литература
_b821.163.2
_x-31
_z821.163.2-31
100 1 _aБалабанов, Румен Борисов
_eпърви автор
_9264269
139 _aБалабанов, Румен Борисов
_bБ 18
245 1 0 _aНякой си отиде
_bРоман
_cРумен Борисов Балабанов.
257 _aBGR
260 София
_bНар. младеж
_c1988
300 _a215 с.
_c18 см
380 _aX
500 _a38 150 тир. Романът е получил единствената награда на конкурса "Аз съм", организиран от изд. Нар. младеж
852 _aЦб І 24186
856 4 _qpdf
_u
856 4 _qpdf
_u
942 _cKNG
_n0
944 _aCR
_c27.04.2012
_l27.04.2012 - от С1,Р / 27.04.2012
_kНаталия_Медовщикова
944 _aED
_c27.04.2012
_l27.04.2012 - от С1,Р / 27.04.2012
_k
999 _c124480
_d124480